书目信息 |
| 题名: |
王阳明全集
|
|
| 作者: | 王守仁 著 ;陈明 , 王正 , 谷继明 注释 | |
| 分册: | 序记说·杂著 | |
| 出版信息: | 武汉 华中科技大学出版社 2015 |
|
| 页数: | 189页 | |
| 开本: | 23cm | |
| 丛书名: | ||
| 单 册: | ||
| 中图分类: | B248.21 | |
| 科图分类: | ||
| 主题词: | ||
| 电子资源: | ||
| ISBN: | 978-7-5609-9861-9 | |
| 000 | 00971nam0 22002651 450 | |
| 001 | 0127144052 | |
| 005 | 20170427144052.0 | |
| 010 | @a978-7-5609-9861-9@b精装@dCNY39.00 | |
| 100 | @a20150703d2015 em y0chiy50 ea | |
| 101 | 0 | @achi |
| 102 | @aCN@b420000 | |
| 105 | @ay z 000yy | |
| 106 | @ar | |
| 200 | 1 | @a王阳明全集@Awang yang ming quan ji@e简体注释版@i序记说·杂著@f(明)王阳明著@g陈明,王正,谷继明等注释 |
| 210 | @a武汉@c华中科技大学出版社@d2015 | |
| 215 | @a189页@d23cm | |
| 330 | @a本书以1934年商务印书馆的《王文成公全书》为底本,同时参考了上海古籍出版社和浙江古籍出版社的《王阳明全集》。本册内容以序记说·杂著为主。 | |
| 600 | 0 | @a王守仁@Awang shou ren@f(1472-1528)@j文集 |
| 690 | @aB248.21@v5 | |
| 701 | 0 | @c(明)@a王守仁@Awang shou ren@f(1472~1529)@4著 |
| 702 | 0 | @a陈明@Achen ming@f(1962~)@4注释 |
| 702 | 0 | @a王正@Awang zheng@4注释 |
| 702 | 0 | @a谷继明@Agu ji ming@4注释 |
| 801 | 0 | @aCN@bTANGWEI@c20170308 |
| 905 | @b0966537-9@dB248.21@e47@f3 | |
| 王阳明全集:简体注释版.序记说·杂著/(明)王阳明著/陈明,王正,谷继明等注释.-武汉:华中科技大学出版社,2015 |
| 189页;23cm |
| ISBN 978-7-5609-9861-9(精装):CNY39.00 |
| 本书以1934年商务印书馆的《王文成公全书》为底本,同时参考了上海古籍出版社和浙江古籍出版社的《王阳明全集》。本册内容以序记说·杂著为主。 |
| ● |
| 相关链接 |
|
|
|
|
正题名:王阳明全集
索取号:B248.21/47
 
预约/预借
| 序号 | 登录号 | 条形码 | 馆藏地/架位号 | 状态 | 备注 |
| 1 | 0966537 | 209665370 | 第一样本阅览室/ [索取号:B248.21/47] | 在馆 | |
| 2 | 0966538 | 209665389 | 第一借阅区/ [索取号:B248.21/47] | 在馆 | |
| 3 | 0966539 | 209665398 | 第一借阅区/ [索取号:B248.21/47] | 在馆 |